000 00719nam a22001817a 4500
003 UA-OsUOA
001 18971
007 ta
008 20040624b un ||||| |||| 00| 0 ukr d
100 _aГуз М.
942 _cSA
040 _aUA-OsUOA
_cUA-OsUOA
_dUA-OsUOA
245 _aХто володіє інформацією, той володіє світом
_b[На базі Рокитнів. центр. район. б-ки відбувся обл. семінар-практикум з вивч. бібл.-інформ. системи ІРБІС]
300 _aС.2
955 _a0
773 0 _w0
_tРокитнівщина
_dРокитне
_d2004
_g№46/12 черв./
650 7 _aКраєзнавча робота
_2UDC
999 _c305142
_d305142